| 000 | 00953cam a22003137a 4500 | ||
|---|---|---|---|
| 003 | CHAP | ||
| 005 | 20220329133519.0 | ||
| 008 | 971013s1993 r 00010 d | ||
| 010 | _a7249 | ||
| 011 | _a8221 | ||
| 035 | _a7446 | ||
| 040 | _cCHAP | ||
| 082 |
_a631.45 _bS2 1993 |
||
| 100 | 0 | 0 |
_aSchwab, Glenn Orville. _9103270 |
| 245 | 0 | _aSoil and water conservation engineering | |
| 250 | _a4ed. | ||
| 260 |
_aNew York : _bWiley, _c1993 |
||
| 300 |
_a507 p. _b: ilus. |
||
| 590 |
_aBATCH-UPD _b10 _c20130110 _lUCH01 _h1955 |
||
| 590 |
_aBATCH-UPD _b10 _c20130410 _lUCH01 _h1316 |
||
| 590 |
_aBATCH-UPD _b10 _c20130914 _lUCH01 _h1639 |
||
| 590 |
_aCONVERSION _b10 _c20130109 _lUCH01 _h1305 |
||
| 650 | 1 | 4 |
_aAgua _xConservacion. _92319 |
| 650 | 1 | 4 |
_aIngeniería agrícola. _958196 |
| 650 | 1 | 4 |
_aSuelos _xConservación. _9110283 |
| 901 | _aBK | ||
| 942 | _cLIBRO | ||
| 949 |
_a631.45 S2 1993 _bBC _cLIBRO _d33724000075339 _eLIBRO _gI.168129 _h83906 _i7446 _si _t240.00 |
||
| 999 |
_c7249 _d7249 |
||